| 000 | 01094 a2200301 4500 | ||
|---|---|---|---|
| 005 | 20160805143637.0 | ||
| 008 | 140310s2013 sp ad frn 000 0 spa d | ||
| 020 | _a9788461657032 | ||
| 040 |
_aCO-BoUCM _bspa _cSandra Palacio (modificó) _dAldemar Mondragón |
||
| 041 | _aspa | ||
| 060 | _aWE 312 | ||
| 245 | 0 | 0 |
_aManual AMIR _cAlberto Touza Fernánde...[y otros autores] _bTraumatología y cirugía ortopédica |
| 246 | _aTM Traumatología y cirugía ortopédica | ||
| 250 | _a6a ed | ||
| 260 |
_a[Madrid] _bAcademia de Estudios MIR _c2013 |
||
| 300 |
_a66 páginas _bilustraciones, tablas, gráficos y diagramas |
||
| 504 | _aIncluye referencias bibliográficas | ||
| 650 | 7 |
_910926 _aCirugía ortopédica |
|
| 650 | 7 |
_916108 _aFracturas |
|
| 650 | 7 |
_925845 _aTraumatismo |
|
| 650 | 7 |
_925860 _aTraumatología |
|
| 690 |
_aOrtopedia _926544 |
||
| 700 | 1 |
_958099 _aTouza Fernández, Alberto |
|
| 700 | 1 |
_958102 _aCampos Pavón, Jaime |
|
| 700 | 1 |
_aAso Vizán, Jorge _958140 |
|
| 700 | 1 |
_aMartínez Díez, José Manuel _958139 |
|
| 942 |
_a15 _cLIBRO _e6 _mT626 _2NLM _hWE 312 |
||
| 999 |
_c239833 _d239833 |
||